000 01266nam a2200469 a 4500
003 AR-BaBNM
005 20251128204734.0
008 082120s2002 ||||||||||||||000 | spa||
020 _a84-281-0273-2
040 _cAR-BaBNM
245 0 0 _aPedagogía comparada
250 _a1ª ed.
260 _aBarcelona
_bOikos-tau
_c1974
300 _a290 p.
_bgráfs., cuadros
490 0 _aTratado de ciencias pedagógicas
_vv. 4
500 _aContiene referencias bibliográficas
650 4 _aEDUCACION COMPARADA
650 4 _aTEORIAS DE LA EDUCACION
650 4 _aFILOSOFIA DE LA EDUCACION
650 4 _aENSEÑANZA TECNICA
651 4 _aSuiza
651 4 _aFrancia
651 4 _aCanadá
651 4 _aBélgica
653 0 _aSISTEMA EDUCATIVO
653 _aEDUCACION INICIAL
653 _aEDUCACION SECUNDARIA
653 _aEDUCACION SUPERIOR
653 _aEDUCACION PRIMARIA
700 1 _aDebesse, Maurice
700 1 _aLauwerys, Joseph A.
700 1 _aBiancheri, Armand
700 1 _aBandet, J.
700 1 _aLeif, Joseph
700 1 _aFrancois, Louis
700 1 _aDelchet, Richard
700 1 _aAuba, Jean
800 1 _aDebesse, Maurice
_edirector
800 1 _aMialaret, Gastón
_edirector
942 _cBK
998 _cGrace
999 _c8628
_d8628